| 000 | 00311nam a2200109Ia 4500 | ||
|---|---|---|---|
| 008 | 220217s9999||||xx |||||||||||||| ||und|| | ||
| 100 |
_aNagrath, I.J _9708 |
||
| 245 | 0 | _aElectronics analog and digital | |
| 260 |
_aPrentice hall of india _bNew Delhi _c1999 |
||
| 300 |
_aVII,735p _b350 |
||
| 650 | _aELECTRONICS | ||
| 999 |
_c165537 _d165537 |
||